000 00485nam a2200181Ia 4500
005 20250317070350.0
008 240331s9999 xx 000 0 und d
020 _a1903457009
082 _a301
_bGLU
_24875
100 _aGlucksmann, M
245 0 _aCottons and Casuals:
_bThe Gendered Organization of Labour in Time and Space
260 _aDurham,
_bSociologypress
_c2000
300 _avi, 188 p., (C II)
650 _aGender
650 _aEconomics
650 _aWomen
942 _cL
999 _c1013
_d1013